000 00342 a2200169 4500
001 162640
020 _a85-02-02031-5
040 _cMagnum
100 _aNeves, Antonio Carlos
240 1 0 _aFantasmas
_lpor
245 1 0 _aFantasmas
300 _a95
362 0 _a1997
440 1 _aSaraiva
697 _aLITERATURA JUVENIL
942 _cBK
999 _c162640
_d162640